[Event "Landesliga Nord 1213"]
[Site "Bayern"]
[Date "2012.11.25"]
[Round "3.7"]
[White "Degering, Florian"]
[Black "Saathoff, Richard"]
[Result "0-1"]
[WhiteElo "1889"]
[BlackElo "2090"]
[PlyCount "80"]
[EventDate "2012.10.14"]
[EventType "team-tourn"]
[EventRounds "9"]
[EventCountry "GER"]
[SourceTitle "EXT 2015"]
[Source "ChessBase"]
[SourceDate "2014.11.20"]
[SourceVersion "1"]
[SourceVersionDate "2014.11.20"]
[SourceQuality "1"]
[WhiteTeam "Kitzingen"]
[BlackTeam "Nuernberg Sued SW"]
[WhiteTeamCountry "GER"]
[BlackTeamCountry "GER"]

1. d4 Nf6 2. c4 g6 3. Nc3 Bg7 4. e4 d6 5. h3 0-0 6. Nf3 e5 7. d5 Na6 8. Be3 Nc5 9. Nd2 a5 10. Be2 Bd7 11. 0-0 Qe7 12. f3 Nh5 13. Kh2 f5 14. exf5 gxf5 15. g4 Nf4 16. Rg1 Qh4 17. Bxf4 fxg4 18. fxg4 Rxf4 19. Qe1 Qe7 20. Qg3 e4 21. Kg2 Be5 22. Qe3 Qh4 23. Raf1 Rf3 24. Rxf3 exf3+ 25. Bxf3 Qg3+ 26. Kf1 Qxh3+ 27. Ke2 Re8 28. Kd1 Bg7 29. Qg5 Nd3 30. b3 Qh2 31. Rf1 h6 32. Qg6 Ne5 33. Qc2 Bxg4 34. Bxg4 Nxg4 35. Kc1 Qe5 36. Nd1 Qd4 37. Qg6 Re2 38. Qf7+ Kh8 39. Nb1 Qd3 40. Na3 Qd2+ 0-1

[Event "Regionalliga NW 0809"]
[Site "Bayern"]
[Date "2009.03.15"]
[Round "8.7"]
[White "Lichtinger, Bernd"]
[Black "Degering, Florian"]
[Result "1-0"]
[WhiteElo "1997"]
[BlackElo "1990"]
[PlyCount "51"]
[EventDate "2008.10.05"]
[EventType "team-tourn"]
[EventRounds "9"]
[EventCountry "GER"]
[SourceTitle "EXT 2020"]
[Source "ChessBase"]
[SourceDate "2019.10.17"]
[SourceVersion "1"]
[SourceVersionDate "2019.10.17"]
[SourceQuality "1"]
[WhiteTeam "Marktleuthen"]
[BlackTeam "Kitzingen"]
[WhiteTeamCountry "GER"]
[BlackTeamCountry "GER"]

1. e4 e5 2. Nf3 Nc6 3. Bb5 a6 4. Ba4 Bc5 5. 0-0 d6 6. c3 Bd7 7. d4 exd4 8. cxd4 Bb6 9. Nc3 Nge7 10. a3 h6 11. Be3 Na5 12. Bc2 Nc4 13. Bc1 Ba7 14. Nd5 Nb6 15. Nc3 Ng6 16. b3 Nh4 17. Qd3 Qf6 18. Nxh4 Qxh4 19. a4 Bg4 20. Nd5 Nxd5 21. exd5 g6 22. Qe4+ Kd7 23. h3 h5 24. Qf4 f5 25. hxg4 hxg4 26. Bxf5+ 1-0

[Event "Regionalliga NW 0708"]
[Site "Bayern"]
[Date "2008.02.17"]
[Round "6.7"]
[White "Schmierer, Hans Joachim"]
[Black "Degering, Florian"]
[Result "0-1"]
[WhiteElo "1829"]
[BlackElo "1986"]
[PlyCount "88"]
[EventDate "2007.10.21"]
[EventType "team-tourn"]
[EventRounds "9"]
[EventCountry "GER"]
[SourceTitle "EXT 2009"]
[Source "ChessBase"]
[SourceDate "2008.11.26"]
[SourceVersion "1"]
[SourceVersionDate "2008.11.26"]
[SourceQuality "1"]
[WhiteTeam "Kronach"]
[BlackTeam "Kitzingen"]
[WhiteTeamCountry "GER"]
[BlackTeamCountry "GER"]

1. d4 f5 2. g3 Nf6 3. c4 e6 4. Bg2 c5 5. e3 Qc7 6. b3 d5 7. cxd5 Nxd5 8. Bb2 cxd4 9. Bxd5 Qa5+ 10. Nd2 Qxd5 11. Qh5+ g6 12. Qf3 Bg7 13. Qxd5 exd5 14. Ne2 dxe3 15. Bxg7 exd2+ 16. Kxd2 Rg8 17. Bb2 Be6 18. Nf4 Kd7 19. Nd3 Na6 20. Ne5+ Kd6 21. f4 Rac8 22. Rac1 Ke7 23. Ba3+ Kd8 24. Rhe1 Rxc1 25. Kxc1 Nc7 26. Kd2 Re8 27. Bc5 b6 28. Bf2 Kc8 29. Nc6 Kb7 30. Ne5 Nb5 31. h4 Nd6 32. h5 gxh5 33. Rh1 Ne4+ 34. Ke2 Rc8 35. Be1 Rc2+ 36. Kd1 Rxa2 37. Rxh5 d4 38. Rxh7+ Ka6 39. Bb4 Bxb3+ 40. Kc1 Nxg3 41. Rh3 Ne2+ 42. Kb1 Bd5 43. Rh5 Nxf4 44. Rxf5 Be4+ 0-1

[Event "Unterfranken-ch M1 52th"]
[Site "Massbach"]
[Date "2001.??.??"]
[Round "?"]
[White "Degering, Florian"]
[Black "Roeder, Hans Martin"]
[Result "0-1"]
[WhiteElo "1962"]
[BlackElo "2070"]
[PlyCount "76"]
[EventDate "2001.04.16"]
[EventType "swiss"]
[EventRounds "9"]
[EventCountry "GER"]
[SourceTitle "EXT 2015"]
[Source "ChessBase"]
[SourceDate "2014.11.20"]
[SourceVersion "1"]
[SourceVersionDate "2014.11.20"]
[SourceQuality "1"]

1. e4 e5 2. f4 exf4 3. Nf3 g5 4. Bc4 Bg7 5. 0-0 d6 6. Nc3 Nc6 7. d4 Bg4 8. Ne2 Qe7 9. Bd5 Nd8 10. h3 Bh5 11. g4 Bg6 12. Nc3 c6 13. Bb3 f6 14. Re1 Nf7 15. h4 Qd7 16. Nh2 h5 17. hxg5 fxg5 18. e5 dxe5 19. Bxf4 gxf4 20. dxe5 Nxe5 21. Nf3 Qxg4+ 22. Kf1 Qh3+ 23. Kg1 Ne7 24. Nxe5 Bxe5 25. Rxe5 Bf7 26. Rg5 Rg8 27. Rxg8+ Bxg8 28. Bxg8 Nxg8 29. Qe2+ Ne7 30. Re1 Qg3+ 31. Kf1 0-0-0 32. Qxh5 f3 33. Qh1 Nf5 34. a3 f2 35. Rc1 Ne3+ 36. Ke2 f1Q+ 37. Rxf1 Nxf1 38. Qxf1 Qe5+ 0-1

[Event "Unterfranken-ch M1 52th"]
[Site "Massbach"]
[Date "2001.??.??"]
[Round "?"]
[White "Schricker, Jochen"]
[Black "Degering, Florian"]
[Result "1-0"]
[WhiteElo "1913"]
[BlackElo "1962"]
[PlyCount "113"]
[EventDate "2001.04.16"]
[EventType "swiss"]
[EventRounds "9"]
[EventCountry "GER"]
[SourceTitle "EXT 2015"]
[Source "ChessBase"]
[SourceDate "2014.11.20"]
[SourceVersion "1"]
[SourceVersionDate "2014.11.20"]
[SourceQuality "1"]

1. g3 g6 2. Bg2 Bg7 3. d4 Nf6 4. c4 0-0 5. e4 d6 6. Nc3 Nbd7 7. Nf3 c5 8. 0-0 cxd4 9. Nxd4 a6 10. b3 Ne5 11. h3 Bd7 12. Be3 Rc8 13. Rc1 Qa5 14. Qd2 Qd8 15. Rfd1 Nc6 16. Nd5 Nxd5 17. Nxc6 bxc6 18. exd5 c5 19. Bh6 Bxh6 20. Qxh6 Qa5 21. Rd2 f6 22. Re2 Rf7 23. Be4 Re8 24. Rce1 Qc3 25. Kg2 f5 26. Bb1 Qf6 27. Qd2 f4 28. Qxf4 Qxf4 29. gxf4 Kf8 30. Kg3 Rb8 31. Be4 a5 32. Bf3 a4 33. Re3 a3 34. Bg4 Bc8 35. Rb1 Ba6 36. Rbe1 Bc8 37. Be6 Bxe6 38. Rxe6 Rb7 39. Kg4 Rf5 40. h4 Kf7 41. R6e3 Kf6 42. Rb1 Rb4 43. Rh1 Rh5 44. Rf3 Rb8 45. Re1 Rf5 46. Re6+ Kf7 47. Rfe3 Rb7 48. Rh3 Rh5 49. Rf3 Rf5 50. h5 Rxh5 51. f5 Rxf5 52. Rxf5+ gxf5+ 53. Kxf5 Rb8 54. Rh6 Kg7 55. Rh2 Rf8+ 56. Ke6 Rf7 57. Rxh7+ 1-0

[Event "Unterfranken-ch M1 52th"]
[Site "Massbach"]
[Date "2001.??.??"]
[Round "?"]
[White "Sternheimer, Erhard"]
[Black "Degering, Florian"]
[Result "1-0"]
[WhiteElo "2126"]
[BlackElo "1962"]
[PlyCount "141"]
[EventDate "2001.04.16"]
[EventType "swiss"]
[EventRounds "9"]
[EventCountry "GER"]
[SourceTitle "EXT 2015"]
[Source "ChessBase"]
[SourceDate "2014.11.20"]
[SourceVersion "1"]
[SourceVersionDate "2014.11.20"]
[SourceQuality "1"]

1. d4 d5 2. Nf3 Nf6 3. e3 g6 4. c4 Bg7 5. Nc3 0-0 6. Qb3 c6 7. cxd5 cxd5 8. Bd2 Nc6 9. Rc1 Na5 10. Qb4 Nc6 11. Qb3 e6 12. Bd3 Nd7 13. 0-0 Nb6 14. Na4 Nxa4 15. Qxa4 Qb6 16. b4 Qd8 17. b5 Ne7 18. Qc2 f6 19. Qc7 Qe8 20. Qd6 Qd8 21. Bb4 Nf5 22. Qxd8 Rxd8 23. Bxf5 exf5 24. Rc7 b6 25. Rfc1 a6 26. Be7 Re8 27. a4 axb5 28. axb5 Be6 29. h4 Rac8 30. R1c6 Rxc7 31. Rxc7 Rc8 32. Rb7 Rc1+ 33. Kh2 Rb1 34. Rxb6 Bd7 35. Bxf6 Rxb5 36. Rxb5 Bxb5 37. Bxg7 Kxg7 38. Ne1 h6 39. f4 Kf6 40. Kg3 Ke6 41. Nf3 Kd6 42. Kf2 Be8 43. Ne5 h5 44. Ke1 Kc7 45. Kd2 Kb6 46. Kc3 Kb5 47. Nf3 Bf7 48. Nd2 Be6 49. Kb3 Ka5 50. Nb1 Kb5 51. Nc3+ Ka5 52. Na4 Bd7 53. Nc5 Bc8 54. Nd3 Bd7 55. Nb4 Kb5 56. Kc3 Be6 57. Nd3 Bd7 58. g3 Ka5 59. Nb4 Be6 60. Nc6+ Kb5 61. Ne5 Kb6 62. Kb4 Bg8 63. Nxg6 Bf7 64. Ne5 Be6 65. Nd3 Bd7 66. Nc5 Be8 67. Ne6 Bf7 68. Nf8 Be8 69. Nh7 Bg6 70. Nf6 Bf7 71. Nd7+ 1-0

[Event "Regionalliga NW 9900"]
[Site "Bayern"]
[Date "2000.??.??"]
[Round "7.5"]
[White "Gutzeit, Kurt"]
[Black "Degering, Florian"]
[Result "0-1"]
[WhiteElo "1965"]
[BlackElo "1995"]
[PlyCount "76"]
[EventDate "1999.??.??"]
[EventType "team-tourn"]
[EventRounds "9"]
[EventCountry "GER"]
[SourceTitle "EXT 2020"]
[Source "ChessBase"]
[SourceDate "2019.10.17"]
[SourceVersion "1"]
[SourceVersionDate "2019.10.17"]
[SourceQuality "1"]
[WhiteTeam "Burgsinn"]
[BlackTeam "Kitzingen SC"]
[WhiteTeamCountry "GER"]
[BlackTeamCountry "GER"]

1. d4 Nf6 2. g3 g6 3. Bg2 Bg7 4. e4 d6 5. Ne2 0-0 6. 0-0 Nbd7 7. f4 c5 8. c3 cxd4 9. cxd4 e6 10. Nbc3 Rb8 11. Kh1 b5 12. a3 a5 13. f5 exf5 14. exf5 b4 15. axb4 axb4 16. Na4 Ba6 17. Bf4 Nb6 18. Nxb6 Qxb6 19. fxg6 hxg6 20. Qd2 Rbe8 21. Bf3 Ne4 22. Qc2 b3 23. Qd1 Re7 24. Kg2 Rfe8 25. Rxa6 Qxa6 26. Qxb3 Qb7 27. Qc2 d5 28. Rd1 Rc8 29. Nc3 Rc4 30. Be2 Rb4 31. Bc1 Rc7 32. Qd3 Rxd4 33. Qf3 Rxd1 34. Bxd1 Nxc3 35. bxc3 Rxc3 36. Qf4 d4+ 37. Bf3 Rc2+ 38. Kh3 Qc7 0-1

[Event "Unterfranken-ch M1 51th"]
[Site "Sailauf"]
[Date "2000.??.??"]
[Round "2"]
[White "Wittstock, Bjoern"]
[Black "Degering, Florian"]
[Result "1-0"]
[WhiteElo "1988"]
[BlackElo "2004"]
[PlyCount "61"]
[EventDate "2000.04.24"]
[EventType "swiss"]
[EventRounds "9"]
[EventCountry "GER"]
[SourceTitle "EXT 2015"]
[Source "ChessBase"]
[SourceDate "2014.11.20"]
[SourceVersion "1"]
[SourceVersionDate "2014.11.20"]
[SourceQuality "1"]

1. Nf3 d5 2. d4 Bf5 3. c4 dxc4 4. Nc3 Nf6 5. e3 e6 6. Bxc4 Be7 7. 0-0 0-0 8. Nh4 Bg4 9. f3 Bh5 10. g4 Nd5 11. gxh5 Nxc3 12. bxc3 Bxh4 13. e4 c5 14. Be3 cxd4 15. cxd4 Nc6 16. f4 Rc8 17. Bb5 Nb4 18. Rc1 Nxa2 19. Rxc8 Qxc8 20. Qg4 Qc3 21. Rf3 Qb3 22. h6 Bf6 23. f5 Bxd4 24. Bxd4 Qd1+ 25. Kg2 Qxd4 26. fxe6 f5 27. e7 Qd2+ 28. Kh1 Qd1+ 29. Rf1 Qd4 30. Bc4+ Qxc4 31. Qxg7# 1-0

[Event "Regionalliga NW 9900"]
[Site "Bayern"]
[Date "2000.??.??"]
[Round "4.4"]
[White "Zoeller, Bernd"]
[Black "Degering, Florian"]
[Result "0-1"]
[WhiteElo "1985"]
[BlackElo "1995"]
[PlyCount "66"]
[EventDate "1999.??.??"]
[EventType "team-tourn"]
[EventRounds "9"]
[EventCountry "GER"]
[SourceTitle "EXT 2020"]
[Source "ChessBase"]
[SourceDate "2019.10.17"]
[SourceVersion "1"]
[SourceVersionDate "2019.10.17"]
[SourceQuality "1"]
[WhiteTeam "Klingenberg"]
[BlackTeam "Kitzingen SC"]
[WhiteTeamCountry "GER"]
[BlackTeamCountry "GER"]

1. e4 e6 2. d4 d5 3. Nd2 Nf6 4. e5 Nfd7 5. Ngf3 c5 6. c3 Nc6 7. Bd3 Qb6 8. Qa4 Be7 9. 0-0 a6 10. Bb1 Qa7 11. dxc5 Bxc5 12. Qf4 h6 13. Qg3 g6 14. Nb3 Bf8 15. Nbd4 Bg7 16. Re1 Nxd4 17. cxd4 Nb8 18. b3 Nc6 19. Rd1 b5 20. Be3 Bd7 21. Rc1 0-0-0 22. Bd2 Kb8 23. Qf4 Rhf8 24. Qe3 g5 25. Bc3 Rc8 26. Bb2 f6 27. exf6 Bxf6 28. Ba3 Nxd4 29. Bxf8 Rxc1+ 30. Ne1 Nf3+ 31. gxf3 Qxe3 32. fxe3 Rxe1+ 33. Kf2 Rc1 0-1

[Event "Regionalliga NW 9900"]
[Site "Bayern"]
[Date "1999.??.??"]
[Round "1.6"]
[White "Degering, Florian"]
[Black "Dahlheimer, Bernd"]
[Result "1/2-1/2"]
[WhiteElo "1995"]
[BlackElo "2055"]
[PlyCount "125"]
[EventDate "1999.??.??"]
[EventType "team-tourn"]
[EventRounds "9"]
[EventCountry "GER"]
[SourceTitle "EXT 2020"]
[Source "ChessBase"]
[SourceDate "2019.10.17"]
[SourceVersion "1"]
[SourceVersionDate "2019.10.17"]
[SourceQuality "1"]
[WhiteTeam "Kitzingen SC"]
[BlackTeam "Dettingen"]
[WhiteTeamCountry "GER"]
[BlackTeamCountry "GER"]

1. e4 c5 2. Nf3 e6 3. Nc3 a6 4. d4 cxd4 5. Nxd4 Qc7 6. a3 Nf6 7. Be2 Be7 8. 0-0 d6 9. Nb3 0-0 10. Qd3 Nc6 11. Bf4 Rd8 12. Rfd1 b5 13. Qg3 Ne8 14. Rd3 b4 15. Nd1 bxa3 16. Rxa3 e5 17. Bd2 d5 18. Ba5 Nxa5 19. Rxa5 dxe4 20. Rxd8 Qxd8 21. Qxe5 Nf6 22. Ne3 Bd6 23. Qc3 Bc7 24. Rc5 Bb6 25. Rc6 Bb7 26. Rc4 Nd5 27. Nxd5 Bxd5 28. Rb4 Rc8 29. Qe5 Bc7 30. Qd4 a5 31. Rb5 Bxb3 32. Qxd8+ Rxd8 33. Rxb3 Rd2 34. Kf1 Rxc2 35. Ke1 g6 36. Rb7 Bd6 37. Kd1 Rc8 38. b3 Kf8 39. Bc4 Be7 40. Ra7 Rc5 41. Ra8+ Kg7 42. Ke2 Rg5 43. Ra7 Re5 44. Rb7 f5 45. Rb5 Rxb5 46. Bxb5 Bd6 47. h3 Kf6 48. f3 Ke5 49. fxe4 Kxe4 50. Bc4 Kf4 51. Kf1 Bc5 52. Bd5 g5 53. Bf7 Kg3 54. Be6 Kf4 55. Bf7 h6 56. Be8 g4 57. h4 Kg3 58. h5 f4 59. Bd7 Kh4 60. Be8 g3 61. Bf7 Kg4 62. Bg6 f3 63. Bf7 1/2-1/2

[Event "Unterfranken-ch M1 50th"]
[Site "Koenigshofen"]
[Date "1999.??.??"]
[Round "8"]
[White "Degering, Florian"]
[Black "Krenz, Dieter"]
[Result "1-0"]
[WhiteElo "1970"]
[BlackElo "1830"]
[PlyCount "61"]
[EventDate "1999.04.05"]
[EventType "swiss"]
[EventRounds "9"]
[EventCountry "GER"]
[SourceTitle "EXT 2004"]
[Source "ChessBase"]
[SourceDate "2003.11.25"]
[SourceVersion "1"]
[SourceVersionDate "2003.11.25"]
[SourceQuality "1"]

1. d4 Nf6 2. c4 g6 3. Nc3 Bg7 4. e4 d6 5. Nf3 0-0 6. h3 e5 7. d5 a5 8. Be3 b6 9. Be2 Na6 10. a3 Nc5 11. Qc2 Ne8 12. Nd2 f5 13. f3 Nf6 14. Bd3 f4 15. Bf2 g5 16. Ke2 Bd7 17. b4 Nb7 18. c5 bxc5 19. bxc5 c6 20. Qb3 a4 21. Qxb7 cxd5 22. Nxd5 Rf7 23. Nxf6+ Bxf6 24. Bc4 Rb8 25. Bxf7+ Kxf7 26. Qd5+ Be6 27. Qxd6 Qc8 28. Rhb1 Ra8 29. c6 Qa6+ 30. Ke1 Rd8 31. Rb7+ 1-0

[Event "Unterfranken-ch M1 50th"]
[Site "Koenigshofen"]
[Date "1999.??.??"]
[Round "6"]
[White "Degering, Florian"]
[Black "Soeder, Thomas"]
[Result "1/2-1/2"]
[WhiteElo "1970"]
[BlackElo "2125"]
[PlyCount "36"]
[EventDate "1999.04.05"]
[EventType "swiss"]
[EventRounds "9"]
[EventCountry "GER"]
[SourceTitle "EXT 2004"]
[Source "ChessBase"]
[SourceDate "2003.11.25"]
[SourceVersion "1"]
[SourceVersionDate "2003.11.25"]
[SourceQuality "1"]

1. e4 e6 2. d4 d5 3. exd5 exd5 4. Bd3 Bd6 5. c3 Nd7 6. Ne2 Ngf6 7. Ng3 0-0 8. 0-0 Re8 9. Nf5 Nf8 10. Nxd6 Qxd6 11. h3 Bd7 12. b3 Ne4 13. Qf3 Ng6 14. Re1 Nf6 15. Bd2 Rxe1+ 16. Bxe1 Nh4 17. Qg3 Qxg3 18. fxg3 Bf5 1/2-1/2

[Event "Unterfranken-ch M1 50th"]
[Site "Koenigshofen"]
[Date "1999.??.??"]
[Round "3"]
[White "Hofstetter, Hans Joachim"]
[Black "Degering, Florian"]
[Result "0-1"]
[WhiteElo "2155"]
[BlackElo "1970"]
[PlyCount "76"]
[EventDate "1999.04.05"]
[EventType "swiss"]
[EventRounds "9"]
[EventCountry "GER"]
[SourceTitle "EXT 2004"]
[Source "ChessBase"]
[SourceDate "2003.11.25"]
[SourceVersion "1"]
[SourceVersionDate "2003.11.25"]
[SourceQuality "1"]

1. e4 e5 2. Nf3 Nf6 3. Nc3 Nc6 4. d4 exd4 5. Nd5 h6 6. Bf4 Nxd5 7. exd5 Bb4+ 8. Bd2 Qe7+ 9. Be2 Ne5 10. 0-0 Nxf3+ 11. Bxf3 0-0 12. Bf4 d6 13. Qxd4 Bc5 14. Qd2 Qf6 15. c3 Re8 16. Bg3 Bd7 17. Rfe1 Rxe1+ 18. Rxe1 Re8 19. Rxe8+ Bxe8 20. h4 Bb5 21. Qc2 Qg6 22. Qxg6 fxg6 23. Bg4 a5 24. Be6+ Kf8 25. Bf4 Ke7 26. g4 Bc4 27. b3 Bd3 28. Bd2 Bc2 29. Kg2 Ba3 30. b4 a4 31. c4 Bb1 32. Bc3 Bxa2 33. Bxg7 Bxc4 34. f4 c6 35. f5 gxf5 36. gxf5 Bxd5+ 37. Bxd5 cxd5 38. Kf3 Bxb4 0-1

[Event "Unterfranken-ch M1 50th"]
[Site "Koenigshofen"]
[Date "1999.??.??"]
[Round "7"]
[White "Roeder, Hans Martin"]
[Black "Degering, Florian"]
[Result "1/2-1/2"]
[WhiteElo "2085"]
[BlackElo "1970"]
[PlyCount "82"]
[EventDate "1999.04.05"]
[EventType "swiss"]
[EventRounds "9"]
[EventCountry "GER"]
[SourceTitle "EXT 2004"]
[Source "ChessBase"]
[SourceDate "2003.11.25"]
[SourceVersion "1"]
[SourceVersionDate "2003.11.25"]
[SourceQuality "1"]

1. d4 f5 2. g4 fxg4 3. e4 d5 4. e5 c5 5. Nc3 Bf5 6. f3 e6 7. Be3 cxd4 8. Qxd4 Nc6 9. Bb5 Kf7 10. Bxc6 bxc6 11. 0-0-0 gxf3 12. Nxf3 h6 13. Rhf1 Ne7 14. h4 g6 15. Qf4 Bg7 16. Bc5 Qa5 17. Bb4 Qb6 18. Bd6 Nc8 19. Ba3 Rb8 20. Nd4 Ne7 21. Na4 Qc7 22. Bd6 Qa5 23. Nb3 Qb5 24. Bxb8 Qxb8 25. Rde1 g5 26. Qg3 Ng6 27. hxg5 Bxe5 28. Qg2 hxg5 29. Qxg5 Bf4+ 30. Rxf4 Qxf4+ 31. Qxf4 Nxf4 32. Nd4 Kf6 33. Rf1 Rh4 34. Nc5 Nd3+ 35. cxd3 Rxd4 36. Kd2 Ke7 37. Kc3 Rh4 38. Rg1 Rh7 39. Rg8 Kd6 40. b4 a5 41. a3 axb4+ 1/2-1/2

[Event "Unterfranken-ch M1 50th"]
[Site "Koenigshofen"]
[Date "1999.??.??"]
[Round "4"]
[White "Schramm, Christian"]
[Black "Degering, Florian"]
[Result "1-0"]
[WhiteElo "2235"]
[BlackElo "1970"]
[PlyCount "53"]
[EventDate "1999.04.05"]
[EventType "swiss"]
[EventRounds "9"]
[EventCountry "GER"]
[SourceTitle "EXT 2004"]
[Source "ChessBase"]
[SourceDate "2003.11.25"]
[SourceVersion "1"]
[SourceVersionDate "2003.11.25"]
[SourceQuality "1"]

1. e4 e5 2. Bc4 Nc6 3. Nf3 Bc5 4. d3 d6 5. c3 Bg4 6. Nbd2 Bb6 7. h3 Bh5 8. 0-0 Nf6 9. Re1 0-0 10. Bb3 Nd7 11. Nf1 Bxf3 12. Qxf3 Qf6 13. Qe2 Nc5 14. Bc2 Ne6 15. g3 g5 16. Ne3 Ne7 17. Nc4 Qg6 18. a4 a6 19. Nxb6 cxb6 20. Be3 Nc5 21. b4 Nd7 22. Qg4 Rad8 23. Qxg5 Qxg5 24. Bxg5 f6 25. Bh6 Rfe8 26. Bb3+ Kh8 27. Bf7 1-0